000 01106nam0a2200301 4500
001 RU\NLR\bibl\83693
005 20250616105345.0
010 _a5-89609-006-4
_91500
021 _aRU
_b1999-51864
_92571
035 _a(NLR Aleph) 000081740
090 _a455384
_c455384
100 _a20000504d1999 |||y0rusy50 ca
101 0 _arus
102 _aRU
105 _ac |||||||||
200 1 _aЛик любви
_eСтихотворения
_fЛюдмила Шершнева
210 _aЛипецк
_cБ.и.
_aВоронеж
_cКварта
_d1999
215 _a222, [1] с.
_cпортр.
_d21
327 1 _aСодерж. : Циклы : Лик любви; Вестница; Ясный день; Холмы Поморья; Свеча; Над обрывом; Золотая ветка.
686 _aШ6(2=Р)75-5
700 1 _aШершнева
_bЛ. С.
_gЛюдмила С.
_4070
801 0 _aRU
_bNLR
_c20000504
_gPSBO
801 1 _aRU
_bNLR
_c20000504
852 _aNLR
_j2000-3/2119
942 _cBOOK
980 _aNB